Arts of Southeast Asia / (Record no. 353165)
[ view plain ]
| 000 -LEADER | |
|---|---|
| fixed length control field | 00783 a2200253 4500 |
| 003 - CONTROL NUMBER IDENTIFIER | |
| control field | OSt |
| 005 - DATE AND TIME OF LATEST TRANSACTION | |
| control field | 20180116192357.0 |
| 008 - FIXED-LENGTH DATA ELEMENTS--GENERAL INFORMATION | |
| fixed length control field | 120606t xxu||||| |||| 00| 0 eng d |
| 010 ## - LIBRARY OF CONGRESS CONTROL NUMBER | |
| LC control number | 2004102646 |
| 020 ## - INTERNATIONAL STANDARD BOOK NUMBER | |
| International Standard Book Number | 0500203814 (pbk.) |
| 020 ## - INTERNATIONAL STANDARD BOOK NUMBER | |
| International Standard Book Number | 9780500203811 |
| 035 ## - SYSTEM CONTROL NUMBER | |
| System control number | (OCoLC)ocm56646080 |
| 040 ## - CATALOGING SOURCE | |
| Transcribing agency | 0 |
| 082 04 - DEWEY DECIMAL CLASSIFICATION NUMBER | |
| Classification number | 700.959 |
| 100 0# - MAIN ENTRY--PERSONAL NAME | |
| Personal name | Kerlogue, Fiona. |
| 9 (RLIN) | 4080 |
| 245 10 - TITLE STATEMENT | |
| Title | Arts of Southeast Asia / |
| Statement of responsibility, etc. | Fiona Kerlogue. |
| 260 ## - PUBLICATION, DISTRIBUTION, ETC. | |
| Place of publication, distribution, etc. | London ; |
| -- | New York : |
| Name of publisher, distributor, etc. | Thames & Hudson, |
| Date of publication, distribution, etc. | 2004. |
| 300 ## - PHYSICAL DESCRIPTION | |
| Extent | 224 p. : |
| Other physical details | ill. (chiefly col.) ; |
| Dimensions | 21 cm. |
| 440 #0 - SERIES STATEMENT/ADDED ENTRY--TITLE | |
| Title | World of art |
| 9 (RLIN) | 4081 |
| 650 10 - SUBJECT ADDED ENTRY--TOPICAL TERM | |
| Topical term or geographic name entry element | Arts |
| Geographic subdivision | Southeast Asia. |
| 9 (RLIN) | 4082 |
| 650 10 - SUBJECT ADDED ENTRY--TOPICAL TERM | |
| Topical term or geographic name entry element | Arts, Southeast Asian. |
| 9 (RLIN) | 4083 |
| 942 ## - ADDED ENTRY ELEMENTS (KOHA) | |
| Institution code [OBSOLETE] | SADA |
| Koha item type | Book |
| Call number prefix | 700.959 KER 2004 |
| Source of classification or shelving scheme | |
| Withdrawn status | Lost status | Source of classification or shelving scheme | Damaged status | Not for loan | Permanent Location | Current Location | Date acquired | Total Checkouts | Full call number | Barcode | Date last seen | Cost, replacement price | Price effective from | Koha item type |
|---|---|---|---|---|---|---|---|---|---|---|---|---|---|---|
| School of Art Design and Architecture (SADA) | School of Art Design and Architecture (SADA) | 06/03/2011 | 700.959 KER 2004 | SADA0001169 | 08/05/2011 | 930.00 | 08/05/2011 | Book |
